| 000 | 008240000a22002650004500 | ||
|---|---|---|---|
| 090 |
_aAR _b01251 |
||
| 245 | 1 | 0 | _aRecords of bats rodents from Venezuela |
| 650 | 1 | 4 |
_aMurciélagos _92659 |
| 650 | 1 | 4 |
_aRoedores _97408 |
| 650 | 1 | 4 |
_aTaxonomía animal _98245 |
| 650 | 1 | 4 |
_aMorfología animal _99953 |
| 651 | 4 |
_pVenezuela _992749 |
|
| 653 |
_gDiclidurus _eDiclidurus ingens |
||
| 653 |
_gPteronotus _ePteronotus gymnonotus |
||
| 653 |
_gTonatia _eTonatia carrikeri |
||
| 653 |
_gNyctinomops _eNyctinomops macrotis |
||
| 653 |
_gOryzomis _eOryzomis yunganus |
||
| 653 |
_gIchthyomys _eIchthyomys pittieri |
||
| 041 | 0 | _aInglés | |
| 700 | 1 |
_aIbáñez Ulargui, Carlos _994455 |
|
| 700 | 1 |
_aCastellanos, H. _994529 |
|
| 100 | 1 |
_aOchoa G., José _912291 |
|
| 942 | _cARTICULO | ||
| 773 | 1 |
_tMammalia _3204 _h2 _q175-180 _d1988 _g52 |
|
| 999 |
_c10336 _d10336 |
||